Mấy ý kiến về việc hoàn thiện mối quan hệ tố tụng giữa viện kiểm sát và tòa án cùng cấp trước và trong giai đoạn xét xử sơ thẩm vụ án hình sự /
Wedi'i Gadw mewn:
| Prif Awdur: | |
|---|---|
| Fformat: | Erthygl |
| Iaith: | Vietnamese |
| Pynciau: | |
| Tagiau: |
Ychwanegu Tag
Dim Tagiau, Byddwch y cyntaf i dagio'r cofnod hwn!
|
| Thư viện lưu trữ: | Thư viện Trường Đại học Đà Lạt |
|---|
| LEADER | 00866nam a2200253 4500 | ||
|---|---|---|---|
| 001 | DLU090090509 | ||
| 005 | ##20090220 | ||
| 040 | # | # | |a DLU |b vie |
| 041 | # | # | |a vie |
| 044 | # | # | |a vn |
| 100 | # | # | |a Phạm Hồng Hải. |
| 245 | # | # | |a Mấy ý kiến về việc hoàn thiện mối quan hệ tố tụng giữa viện kiểm sát và tòa án cùng cấp trước và trong giai đoạn xét xử sơ thẩm vụ án hình sự / |c Phạm Hồng Hải. |
| 653 | # | # | |a vụ án hình sự |
| 653 | # | # | |a xét xử |
| 773 | # | # | |t Nhà nước và pháp luật |g Số 11(127), 1998, tr.14-21 |
| 920 | # | # | |a Phòng Tạp chí -- Trung tâm Thông tin - Thư viện Trường Đại học Đà Lạt |
| 994 | # | # | |a DLU |
| 900 | # | # | |a True |
| 911 | # | # | |a Nguyễn Thị Mai Anh |
| 925 | # | # | |a G |
| 926 | # | # | |a A |
| 927 | # | # | |a BB |
| 980 | # | # | |a Thư viện Trường Đại học Đà Lạt |